| 000 | 01140nam0a22002771 4500 | ||
|---|---|---|---|
| 001 | rc\3924592 | ||
| 005 | 20260531084709.0 | ||
| 021 |
_aRU _b[54-41908] |
||
| 035 | _a(NLR Aleph) 007914045 | ||
| 090 |
_a8115695 _c8115695 |
||
| 100 | _a20130415d1954 |||y0rusy50 ca | ||
| 101 | 0 | _arus | |
| 102 | _aRU | ||
| 105 | _aag z ||||| | ||
| 200 | 1 |
_aС.В. Рахманинов _eЖизнь и творческая деятельность _fАкад. наук СССР. Ин-т истории искусств |
|
| 210 |
_aМосква _cМузгиз _d1954 |
||
| 215 |
_a240 с., 6 л. ил. _cнот. ил. _d21 |
||
| 320 | _aБиблиогр.: с. 238-239 | ||
| 320 | _aСочинения С.В. Рахманинова: с. 233-237 | ||
| 700 | 1 |
_7ca _8rus _aАлексеев _bА. Д. _cд-р искусствоведения, музыковед _f1913-1996 _gАлександр Дмитриевич _9199369 _3RU\NLR\AUTH\770199420 |
|
| 702 | 1 |
_aРахманинов _bС.В. _f1873-1943 _gСергей Васильевич _4570 |
|
| 801 | 0 |
_aRU _bNLR _gpsbo |
|
| 801 | 1 |
_aRU _bELAR _2rusmarc |
|
| 852 |
_aNLR _jИс80 Г-3/70 |
||
| 942 | _cBOOK | ||
| 980 | _aNB | ||